000 00315pam a2200133 a 4500
020 _c
041 _h
082 _a743.6
_bDES
100 _aMilind Paranjpe.
245 _aChitre Rangawa Pranyachi
_hTextual Documents
260 _a[s.l]:
_bJyotsna Prakashan Pune,
_c2014.
300 _a15:
_bpaper.
930 _a7348
999 _c241138
_d241138